01546nam a2200301Ia 450000500170000000800410001702000180005804000080007605000180008410000530010224500670015526000330022230000180025533700100027333800140028350000560029750000690035350503300042250500670075251900670081965000190088665000460090570000490095194200120100095201000101295201150111299900170122720231102151639.0120625s 2002mx d 000 0 s d a968-24-6645-8 eRDA14aHB71 C37 20021093327aCárdenas Vidaurri, José Honorioeautor10aFundamentos de Economíac / José Honorio Cardenas Vidaurri aMéxico b : Trillasc,2002 a156 páginas aTexto aSin medio aBibliografía, índice onomástico y analítico aEducación Mixta / Lic. en Administración / B03-1 / 14 004649 aLa formación del mundo contemporáneo Conceptos generales Los bienes La actividad económica El valor de los bienes Los flujos de la economía Los bancos y las finanzas El ahorro La oferta y la demanda La inflación El mercado La demanda agregada La globalización Análisis de la Economía en México  a Contiene bibliografía, índice onomástico y analítico  aEducación MixtabLicenciatura en Administraciónd14 00636410aECONOMÍA94820aECONOMÍA vESTUDIO Y ENSEÑANZA93944810aCASIMIRO ZACARÍAS, Israel ecoautor939449 cLB2lcc 00102lcc4070a14b14d2013-06-17l0oHB71 C37 2002p14 004649r2019-09-26t1w2014-02-27yLB 00102lcc4070a14b14d2016-05-19l4m1oHB71 C37 2002p14 006364r2019-08-28s2019-08-27t1w2016-06-07yLB c92109d92109